Grammatically Correct Or Not? - Sudden Death - Statistics

General Stats
  • This quiz has been taken 89 times
  • The average score is 3 of 10
Answers on the Grid
Answers color-coded by a green-red scale on the quiz's grid according to % correct below.
There is less water in that cup than before.
Look at all the museums!
I'm feeling terrible today.
Do we have any children's books?
Facebook is a social medium.
Who would have gone there?
There are three football stadia in this city.
Woah! That could have been amazing!
Potatoes are so nice, don't you agree?
Argh! I can't find my glasses!
I gave the bag to you're friend.
Im going to the shops!
Do you needs any help?
Why are there so many octopi?
Who's book is this?
You really cant stop, can you?
There are less than 10 continents.
The banana's are on the table.
Oh no! There's a spaghetti on the wall!
They should probably going.
 
Answer Stats
Answer % Correct
Who's should be whose. Who's book is this?
41%
Needs should be need. Do you needs any help?
37%
Banana's shouldn't have an apostrophe. The banana's are on the table.
34%
The singular of spaghetti is spaghetto, not spaghetti. Oh no! There's a spaghetti on the wall!
29%
Go, not going! They should probably going.
29%
Cant should be can't. You really cant stop, can you?
29%
You're should be your. I gave the bag to you're friend.
27%
Im should be I'm. Im going to the shops!
24%
Less is wrong! Fewer is correct. There are less than 10 continents.
22%
Octopi, contrary to popular belief, is wrong. Octopuses is correct. Why are there so many octopi?
20%
No matching quizzes found
Score Distribution
Percent of People with Each Score
Percentile by Number Answered
Your Score History
You have not taken this quiz